000 00725nam a22002412 4500
999 _c17921
_d17921
001 0000019254
003 OSt
005 20191003152757.0
008 101022s xx 000 0 eng d
020 _a1118732298
040 _aKABU
_cKABU
050 _aP40
_b.W37 2015 c. 2
100 1 _aWardhaugh, Ronald.
245 1 3 _aAn Introduction to sociolinguistics /
_cRonald Wardhaugh and Janet M. Fuller.
250 _a7th ed.
260 _aWest Sussex, UK
_bJohn Wiley & Sons
_c2015.
300 _axvii, 427 p.
650 0 _aSociolinguistics.
700 _aFuller, Janet M.
908 _a101022
942 _2lcc
_cBK
_hP40
_i.W37 2015 c. 2